América Latina: problemas y desafíos del financiamiento de la infraestructura /
El objetivo del artículo es precisar las principales características del desarrollo de la infraestructura básica en América Latina, con especial énfasis en los problemas que registra el proceso inversor en el sector, a fin de establecer las principales consecuencias que tales problemas conllevan y e...
محفوظ في:
| المؤلف الرئيسي: | |
|---|---|
| التنسيق: | نص |
| الموضوعات: | |
| الوسوم: |
إضافة وسم
لا توجد وسوم, كن أول من يضع وسما على هذه التسجيلة!
|
MARC
| LEADER | 00000 a a2200000 04500 | ||
|---|---|---|---|
| 001 | 42051 | ||
| 003 | |||
| 040 | |||
| 100 | |a Rozas, Patricio | ||
| 245 | |a América Latina: |b problemas y desafíos del financiamiento de la infraestructura / |c Patricio Rozas | ||
| 500 | |a patricio.rozas@cepal.org | ||
| 520 | |a El objetivo del artículo es precisar las principales características del desarrollo de la infraestructura básica en América Latina, con especial énfasis en los problemas que registra el proceso inversor en el sector, a fin de establecer las principales consecuencias que tales problemas conllevan y especificar, de este modo, los desafíos que los países de la región estn llamados a enfrentar. | ||
| 590 | |a RRH/NOVIEMBRE2011 | ||
| 650 | |a 1.INVERSION BRUTA INTERNA | ||
| 650 | |a 2.INFRAESTRUCTURA FISICA | ||
| 650 | |a 3.CRECIMIENTO ECONOMICO | ||
| 650 | |a 4.PRIVATIZACION | ||
| 650 | |a 5.SECTOR PRIVADO | ||
| 650 | |a 6.SECTOR PUBLICO | ||
| 773 | |g número101 ( , 2010), páginas 59-83 : tablas, gráficos | ||
| 999 | |c 32275 |d 32275 | ||
